00335cam a22000977a 4500008004000000082001600040100002000056245010800076260003900184300001400223180718b1969 xxu||||| |||| 00| 0 eng d aR78x71 W429 aWeiler, Paul C. aTask force on labour relations, study no 6: labour arbitration and industrial changecby Paul C. Weiler aOttawabPrivy Council Officec1969 avii, 146p